One Direction Things Quiz Stats

 Plays Quiz not verified by Sporcle

Score 0/33 Timer 10:00
0 Plays Today
Hint Answer % Correct
Past/Present MembersHarry Styles
96.2%
AlbumsMidnight Memories
92.3%
Past/Present MembersLiam Payne
92.3%
Past/Present MembersLouis Tomlinson
92.3%
AlbumsFour
88.5%
Past/Present MembersNiall Horan
88.5%
Past/Present MembersZayn Malik
88.5%
AlbumsTake Me Home
84.6%
AlbumsUp All Night
80.8%
AlbumsMade in the A.M.
80.8%
Lead SinglesWhat Makes You Beautiful
80.8%
ExesTaylor Swift
76.9%
Songs That Start with 'O'One Thing
73.1%
Lead SinglesDrag Me Down
69.2%
Lead SinglesBest Song Ever
65.4%
X Factor Audition SongsCry Me A River
65.4%
Songs That Start with 'O'Olivia
61.5%
Hint Answer % Correct
Lead SinglesLive While We're Young
57.7%
Lead SinglesSteal My Girl
57.7%
X Factor Audition SongsIsn't She Lovely
57.7%
X Factor Audition SongsHey There Delilah
57.7%
ExesPerrie Edwards
50%
ExesEleanor Calder
42.3%
ExesKendall Jenner
42.3%
Songs That Start with 'O'Once in a Lifetime
42.3%
Songs That Start with 'O'Over Again
38.5%
X Factor Audition SongsLet Me Love You
34.6%
X Factor Audition SongsSo Sick
30.8%
ExesDanielle Peazer
26.9%
ExesCheryl Cole
23.1%
ExesDanielle Campbell
23.1%
ExesGigi Hadid
23.1%
ExesHailee Steinfeld
7.7%

You're not logged in!

Compare scores with friends on all Sporcle quizzes.
OR
Log In

Show Comments

Extras

Created May 16, 2019ReportNominate
Tags:direction, One Direction

Top Quizzes Today


Score Distribution

Your Account Isn't Verified!

In order to create a playlist on Sporcle, you need to verify the email address you used during registration. Go to your Sporcle Settings to finish the process.

Report this User

Report this user for behavior that violates our Community Guidelines.

Details: